LEADER 00756nam0-2200265 --450 001 9910593296303321 005 20220930111006.0 100 $a20220930d1925----kmuy0itay5050 ba 101 0 $aeng 102 $aGB 105 $a 001yy 200 1 $a<>science of public finance$fby G. Findlay Shirras 205 $a3. ed. 210 $aLondon$cMacmillan and co.$d1925 215 $a2 volumi (XLIV, 520; XXII, 521-1146)$d22 cm 676 $a336$v23$zita 700 1$aShirras,$bGeorge Findlay$0255984 801 0$aIT$bUNINA$gREICAT$2UNIMARC 901 $aBK 912 $a9910593296303321 952 $aXIV B 37$b23558$fFGBC 952 $aXIV B 37 (2)$b23558$fFGBC 959 $aFGBC 996 $aScience of public finance$9850428 997 $aUNINA